• 首页
  • 本馆介绍
  • 公告通知
  • 最新文献
  • 馆藏检索
  • 电子资源
  • 读者导购
  • 参考咨询
  • 我的图书馆
  • 登录
  • 详细信息显示
  • 放入我的书架
  • 预约/预借图书
  • 作者相关作品
  • 分类相关作品
  • 丛书相关作品
  • 出版社相关作品

书目信息

  • 表格格式
  • 工作单格式
  • 卡片格式
题名:
高考作文选评
    
 
作者: 吴庚振 编
分册:  
出版信息: 天津   天津人民出版社  1982.03
页数: 112页
开本: 19cm
丛书名:
单 册:
中图分类: H193.6
科图分类:
主题词: 汉语--写作--语言教学
电子资源:
ISBN:
000 00532nam0 2200193 45
001 0504121632
005 20070731093706.58
010    @dCNY0.32
091    @a9072.28
100    @a20050412d1982 km y0chiy0120 ea
101 0  @achi
200 1  @a高考作文选评@AGao Kao Zuo Wen Xuan Ping@f吴庚振等编@FWu Geng Zhen DengBian
210    @a天津@c天津人民出版社@d1982.03
215    @a112页@d19cm
606 0  @a汉语@x写作@x语言教学
690    @aH193.6@v3
701  0 @a吴庚振@4编
801    @aCN@bPftUser@c20070731
905    @f1@b179271@dH193.6@e116
    
    高考作文选评/吴庚振等编.-天津:天津人民出版社,1982.03
    112页;19cm
    
    
    ISBN :CNY0.32
    
●
相关链接 在E读中查询图书 在五车中查询图书 在当当中查询图书 在豆瓣中查询图书


正题名:高考作文选评     索取号:H193.6/116         预约/预借

序号 登录号 条形码 馆藏地/架位号 状态 备注
1 0179271   001999733   密集书库/ [索取号:H193.6/116] 在馆    
2 0179272   000841254   第四借阅区/ [索取号:H193.6/116] 在馆    
3 0179273   000841263   密集书库/ [索取号:H193.6/116] 在馆    
4 0179274   000841227   第二样本阅览室/ [索取号:H193.6/116] 在馆    
5 0786843   207868431   密集书库/ [索取号:H193.6/116] 在馆    
唐山师范学院图书馆 欢迎您!
大连网信软件有限公司© 版权所有